| 000 | 01068naa a22002777a 4500 | ||
|---|---|---|---|
| 001 | BR7802866 | ||
| 003 | BR-BrBNA | ||
| 005 | 20240918174059.0 | ||
| 007 | ta | ||
| 008 | 230509b bl.||||| |||| 00| 0 por d | ||
| 040 |
_aBR-BrBNA _bpor _cBiblioteca Nacional de Agricultura |
||
| 041 | _a(Pt) | ||
| 072 |
_aE50 _b/G514 |
||
| 090 | _aE50 BR7802866 | ||
| 100 | 1 | _aCordeiro, C.F. | |
| 111 | 1 |
_a2. Encontro de Pesca do Estado do Rio de Janeiro _cRio de Janeiro, RJ (Brazil) _d16 Nov 1977 |
|
| 245 | 1 | _aPrevidencia social [legislacao trabalhista, Brasil] | |
| 260 | 3 |
_aRio de Janeiro, RJ (Brasil): _c1978. |
|
| 500 | _aSintese dos paineis do 2. Encontro da Pesca do Estado do Rio de Janeiro Rio de Janeiro, RJ (Brasil): 1978. p. 14-15 (BR7802866-AM)E50 | ||
| 650 | _aSOCIOLOGIA RURAL | ||
| 650 | _aPREVIDENCIA RURAL | ||
| 650 | _aTRABALHADOR RURAL | ||
| 773 | 0 |
_tSintese dos paineis do 2. Encontro da Pesca do Estado do Rio de Janeiro _wE50 BR7802866 _gRio de Janeiro, RJ (Brasil), 1978. p. 14-15 |
|
| 909 |
_a202404 _bLucia _c55 _dLucia Elande |
||
| 942 |
_cAM _2AGRIS |
||
| 999 |
_c308788 _d308788 |
||